Vincitori Campionato mondiale di pallavolo maschile - Statistics

Statistiche generali
  • Questo quiz è stato fatto 48 volte
  • Il punteggio medio è 16 su 20
Statistiche sulle risposte
Edizione Continente Squadra vincitrice % Corretto
2002 America del Sud Brasile
100%
2006 America del Sud Brasile
100%
2010 America del Sud Brasile
100%
1990 Europa Italia
100%
1994 Europa Italia
100%
1998 Europa Italia
100%
2022 Europa Italia
100%
1986 America del Nord Stati Uniti
93%
2014 Europa Polonia
81%
2018 Europa Polonia
81%
1970 Europa Germania Est
79%
1949 Asia / Europa Unione Sovietica
69%
1952 Asia / Europa Unione Sovietica
69%
1960 Asia / Europa Unione Sovietica
69%
1962 Asia / Europa Unione Sovietica
69%
1974 Asia / Europa Unione Sovietica
69%
1978 Asia / Europa Unione Sovietica
69%
1982 Asia / Europa Unione Sovietica
69%
1956 Europa Cecoslovacchia
45%
1966 Europa Cecoslovacchia
45%
Nessun quiz corrispondente trovato
Distribuzione punteggi
Percentuale di utenti per punteggio
Percentile per numero di risposta
I tuoi punteggi nel tempo
Non hai fatto questo quiz